| 000 | 01656naa a22003617a 4500 | ||
|---|---|---|---|
| 001 | BR8201361 | ||
| 003 | BR-BrBNA | ||
| 005 | 20250721143155.0 | ||
| 007 | ta | ||
| 008 | 250630b bl.|||m| |||| 00| 0 por d | ||
| 040 |
_aBR-BrBNA _bpor _cBiblioteca Nacional de Agricultura |
||
| 041 | _a(Pt) | ||
| 072 |
_aH10 _b0210 _b3879 _b4050 _bG514 |
||
| 090 | _aH10 BR8201361 | ||
| 100 | 1 | _aZem, A.C. | |
| 100 | 1 | _aZanon, J.I. | |
| 100 | 1 | _aLordello, L.G.E. | |
| 111 | 1 |
_a5. Reuniao Brasileira de Nematologia _cLondrina, PR (Brazil) _d9 Feb 1981 |
|
| 245 | 1 | _aDoses e epocas de aplicacao do Nematicida carbofuran no controle de Meloidogyne javanica na cultura da batata (Solanum tuberosum)[Nematicida; Nematoide; Meloidoginose; Controle quimico; Brasil] | |
| 246 | 1 | _aDoses and application times of the Nematicide "carbofuran" in the control of Meloidogyne javanica in potato crop (Solanum tuberosum)[Nematicide; Nematode; Meloidoginose; Chemical control; Brazil] | |
| 246 | 1 | _a[Works presented to the 5. Brazilian Meeting of Nematology] | |
| 500 | _aTrabalhos apresentados a 5. Reuniao Brasileira de Nematologia Piracicaba, SP (Brasil): 1982. p. 233-245 [15 ref.; Summaries (En, Pt)] (BR8201361-AMS) | ||
| 773 | 0 |
_tTrabalhos apresentados a 5. Reuniao Brasileira de Nematologia _wH10 BR8201361 _gPiracicaba, SP (Brasil), 1982. p. 233-245 |
|
| 650 | _aPraga de planta | ||
| 650 | _aBatata | ||
| 650 | _aNematicida | ||
| 650 | _aNematoide | ||
| 650 | _aMeloidoginose | ||
| 650 | _aControle quimico | ||
| 490 |
_aPublicacao - Sociedade Brasileira de Nematologia (Brazil) _vno. 5 |
||
| 942 |
_cAMS _2AGRIS |
||
| 909 |
_a202506 _bLúcia _c55 _dLúcia Elande |
||
| 999 |
_c334102 _d334102 |
||